000 00679nam a22002057a 4500
003 0
005 20230904082520.0
008 230904b xxu||||| |||| 00| 0 eng d
020 _a978-621-409-174-4
050 _aD 421
_b.B54 2022
100 _aBihasa, Carmelo Rico S.
245 _aThe contemporary world : looking through the lenses of globalization
_cCarmelo Rico S. Bihasa
260 _aMandaluyong City
_bBooks Atbp. Publishing Corp.
_cc2022.
300 _axiv, 250 pages :
_bill. ;
_c26 cm.
500 _aGlobalization.
504 _aIncludes bibliographical references and index.
650 _aGlobalization.
650 _aWorld economics.
942 _2lcc
_cBK
999 _c365243
_d365243